Bài thi Vật lý quốc tế

Đề thi và lời giải môn Vật lý của 13 kỳ thi quốc tế đã tổ chức từ 1967-1982

में बचाया:
ग्रंथसूची विवरण
मुख्य लेखक: Dương Trọng Bái
अन्य लेखक: Cao Ngọc Viễn (Tác giả), Trần Văn Quang (Tác giả)
स्वरूप: पुस्तक
भाषा:Vietnamese
प्रकाशित: H. Giáo dục 1983
विषय:
टैग : टैग जोड़ें
कोई टैग नहीं, इस रिकॉर्ड को टैग करने वाले पहले व्यक्ति बनें!
Thư viện lưu trữ: Mạng thư viện Đại học Đà Nẵng
LEADER 01290nam a22003618a 4500
001 000008462
003 4651
005 20111018101009.0
008 111018s1983 b 000 0 vieod
020 |c 3.40đ  |d 10000b 
041 0 |a vie 
082 |a 530.076  |b DƯ-B 
084 |a U426.44-28 
100 1 |a Dương Trọng Bái 
245 1 0 |a Bài thi Vật lý quốc tế  |c Dương Trọng Bái, Cao Ngọc Viễn, Trần Văn Quang 
260 |a H.  |b Giáo dục  |c 1983 
300 |a 131tr.: hình vẽ, đồ thị  |c 19cm 
520 |a Đề thi và lời giải môn Vật lý của 13 kỳ thi quốc tế đã tổ chức từ 1967-1982 
653 |a Bài thi quốc tế 
653 |a Vật lý 
653 |a Sách đọc thêm 
700 1 |a Cao Ngọc Viễn  |e Tác giả 
700 1 |a Trần Văn Quang  |e Tác giả 
OWN |a LSP 
AVA |a UDN50  |b LSP  |d 530.076 DƯ-B  |e unavailable  |t Error 5002 Not defined in file expand_doc_bib_avail.  |f 3  |g 3  |h N  |i 0  |k 1 
999 |a From the UDN01 
AVA |a UDN50  |b LSP  |d 530.076 DƯ-B  |e unavailable  |t Error 5002 Not defined in file expand_doc_bib_avail.  |f 3  |g 3  |h N  |i 0  |k 1 
TYP |a Monograph 
TYP |a Printed language 
980 |a Mạng thư viện Đại học Đà Nẵng